English Channel General Knowledge - Statistics

General Stats
  • This quiz has been taken 72 times
  • The average score is 15 of 22
Answer Stats
Hint Answer % Correct
Bordering Countries France
100%
Bordering Countries United Kingdom
98%
What is the neighbouring sea to the east? North Sea
94%
The English Channel forms part of which ocean? Atlantic
92%
Crown Dependencies Jersey
86%
Crown Dependencies Guernsey
83%
Towns connected by the busiest cross-Channel ferry crossing Calais
79%
Towns connected by the busiest cross-Channel ferry crossing Dover
79%
It connects to the sea to the east via which strait? Strait of Dover
79%
Which French city saw the evacuation of 338,226 men during WW2? Dunkirk
76%
Largest island Isle of Wight
73%
A combination of Sir Francis Drake's naval tactics and stormy weather defeated an attempted invasion by who? Spanish Armada
71%
Nickname of the Channel Tunnel Chunnel
62%
Longest river that flows into the English Channel Seine
56%
What is the neighbouring sea to the west? Celtic Sea
55%
French name for the English Channel La Manche
50%
French tidal island that has UNESCO World Heritage status, featuring a heavily fortified abbey Mont-Saint-Michel
48%
English naval base city Portsmouth
47%
English naval base city Plymouth
42%
What amphibious craft was used to transport passengers across the English Channel? Hovercraft
36%
English translation of the French name The Sleeve
32%
French naval base city Cherbourg
26%
No matching quizzes found
Score Distribution
Percent of People with Each Score
Percentile by Number Answered
Your Score History
You have not taken this quiz